Británie dobře ví, proč ještě není v EMU

Váhanie a hlavné argumenty V. Británie proti vstupu do EMÚ. Kurz anglickej libry a eura k americkému doláru. Vývoj inflácie vo Veľkej Británie a Írsku.

Saved in:
Bibliographic Details
Main Author: Dubská, Drahomíra
Format: Book Chapter
Language:Czech
Subjects:
Tags: Add Tag
No Tags, Be the first to tag this record!

MARC

LEADER 00000naa a2200000 4500
001 r039786
005 20230920101216.8
041 0 |a cze 
044 |a CZ 
245 1 0 |a Británie dobře ví, proč ještě není v EMU  |c Drahomíra Dubská 
520 |a Váhanie a hlavné argumenty V. Británie proti vstupu do EMÚ. Kurz anglickej libry a eura k americkému doláru. Vývoj inflácie vo Veľkej Británie a Írsku. 
610 2 0 |a únie menové 
610 2 0 |a Veľká Británia 
610 2 0 |a Írsko 
610 2 0 |a USA 
610 2 0 |a euro 
610 2 0 |a inflácia 
610 2 0 |a bankovníctvo 
610 2 0 |a libra 
100 1 |a Dubská, Drahomíra